|
|
|
|
| LEADER |
00000nlm0a2200000 4500 |
| 001 |
318442 |
| 005 |
20231102003057.0 |
| 035 |
|
|
|a (RuTPU)RU\TPU\book\343940
|
| 035 |
|
|
|a RU\TPU\book\343937
|
| 090 |
|
|
|a 318442
|
| 100 |
|
|
|a 20160426j20160322k y0rusy50 ca
|
| 101 |
0 |
|
|a rus
|
| 102 |
|
|
|a RU
|
| 105 |
|
|
|a a m 001zy
|
| 135 |
|
|
|a drcn ---uucaa
|
| 181 |
|
0 |
|a i
|
| 182 |
|
0 |
|a b
|
| 200 |
1 |
|
|a Оценка метаболизма интактных и зараженных вирусом клеток методом динамической спекл-интерферометрии
|b Электронный ресурс
|e диссертация на соискание ученой степени кандидата технических наук
|e спец. 05.11.17
|f А. С. Малыгин
|g Уральский федеральный университет (УрФУ) ; науч. рук. А. П. Владимиров
|
| 203 |
|
|
|a Текст
|c электронный
|
| 210 |
|
|
|a Екатеринбург
|c [Б. и.]
|d 2015
|
| 215 |
|
|
|a 1 файл (5.32 Mb)
|
| 230 |
|
|
|a Электронные текстовые данные (1 файл : 5.32 Mb)
|
| 300 |
|
|
|a Заглавие с титульного экрана
|
| 300 |
|
|
|a Электронная версия печатной публикации
|
| 452 |
|
1 |
|0 (RuTPU)RU\TPU\book\342654
|t Оценка метаболизма интактных и зараженных вирусом клеток методом динамической спекл-интерферометрии
|o диссертация на соискание ученой степени кандидата технических наук
|o спец. 05.11.17
|f А. С. Малыгин
|g Уральский федеральный университет (УрФУ) ; науч. рук. А. П. Владимиров
|c Екатеринбург
|n [Б. и.]
|d 2015
|p 143 л.
|a Малыгин, Александр Сергеевич
|
| 606 |
1 |
|
|a Вирусология
|2 stltpush
|3 (RuTPU)RU\TPU\subj\2549
|9 31106
|
| 610 |
1 |
|
|a диссертации
|
| 610 |
1 |
|
|a электронный ресурс
|
| 610 |
1 |
|
|a труды учёных ТПУ
|
| 610 |
1 |
|
|a метаболизм
|
| 610 |
1 |
|
|a вирусы
|
| 610 |
1 |
|
|a спекл-интерферометрия
|
| 610 |
1 |
|
|a лазерные излучения
|
| 610 |
1 |
|
|a биологические объекты
|
| 610 |
1 |
|
|a клетки
|
| 610 |
1 |
|
|a микроскопические процессы
|
| 610 |
1 |
|
|a оптические системы
|
| 675 |
|
|
|a 615.47(04)
|v 3
|
| 675 |
|
|
|a 578(04)
|v 3
|
| 686 |
|
|
|a 05.11.17
|2 oksvnk
|
| 700 |
|
1 |
|a Малыгин
|b А. С.
|g Александр Сергеевич
|
| 702 |
|
1 |
|a Владимиров
|b А. П.
|g Александр Петрович
|4 727
|
| 712 |
0 |
2 |
|a Уральский федеральный университет (УрФУ)
|c (Екатеринбург)
|c (2009- )
|2 stltpush
|3 (RuTPU)RU\TPU\col\16398
|
| 801 |
|
2 |
|a RU
|b 63413507
|c 20160705
|g RCR
|
| 856 |
4 |
|
|u http://earchive.tpu.ru/handle/11683/30582
|
| 942 |
|
|
|c CF
|